Ensayos de investigación sobre comercio y finanzas = Trade and finance research essays /

Detalles Bibliográficos
Otros Autores: García-Castiblanco, Claudia Paola (Editor)
Formato: Electrónico eBook
Lenguaje:español
Publicado: Bogotá : Editorial Uniagustiniana, 2020.
Colección:Colección Ciencias económicas y administrativas (Editorial Uniagustiniana)
Materias:
Acceso en línea:Digitalia Hispánica

MARC

LEADER 00000nam a2200000Ii 4500
001 DIGUAGANA0014
003 NyNyDIG
006 m o d
007 cr |||||||||||
008 250303s2020 ck a ob 000 0 spa d
035 |a (OCoLC)1325884914 
040 |a DGITA  |b eng  |e rda  |e pn  |c DGITA 
020 |a 9789585498464  |q (digital) 
024 7 |a https://doi.org/10.28970/9789585498464 
041 0 |a spa  |b spa  |b eng 
043 |a s-ck--- 
050 1 4 |a HD62.4 ebook 
245 0 0 |a Ensayos de investigación sobre comercio y finanzas =  |b Trade and finance research essays /  |c Claudia Paola García-Castiblanco (editora). 
246 1 |i English title on cover:  |a Trade and finance research essays 
264 1 |a Bogotá :  |b Editorial Uniagustiniana,  |c 2020. 
300 |a 1 online resource :  |b illustrations. 
336 |a text  |b txt  |2 rdacontent 
337 |a computer  |b c  |2 rdamedia 
338 |a online resource  |b cr  |2 rdacarrier 
347 |a text file  |2 rdaft 
347 |b PDF 
490 1 |a Colección Ciencias económicas y administrativas 
504 |a Includes bibliographical references. 
546 |a Text in Spanish with abstract in Spanish and English in each chapter. 
588 0 |a Online resource; title from PDF title page (Digitalia, viewed March 3, 2025) 
650 0 |a International business enterprises. 
650 0 |a Technological innovations  |x Economic aspects  |z Colombia. 
700 1 |a García-Castiblanco, Claudia Paola,  |e editor. 
791 2 |a Digitalia (Firm),  |e distributor. 
793 0 |g Digitalia eBook Collection:  |a Editorial Uniagustiniana 
830 0 |a Colección Ciencias económicas y administrativas (Editorial Uniagustiniana) 
856 4 0 |3 Digitalia Hispánica  |u https://www.digitaliapublishing.com/a/162808/ 
910 |a Premium collection: 2025